LIBRARY & INFORMATION CENTRE, KCAET, TAVANUR

ONLINE PUBLIC ACCESS CATALOGUE (OPAC)

Impact of watershed interventions on groundwater in Perumatty panchayat of Palakkad district / (Record no. 19473)

MARC details
000 -LEADER
fixed length control field 00454nam a22001457a 4500
003 - CONTROL NUMBER IDENTIFIER
control field OSt
082 ## - DEWEY DECIMAL CLASSIFICATION NUMBER
Classification number 631.587
Item number GOU/IM
088 ## - REPORT NUMBER
Report number T 663
100 ## - MAIN ENTRY--AUTHOR NAME
Personal name Gourshetty, Dixita
245 ## - TITLE STATEMENT
Title Impact of watershed interventions on groundwater in Perumatty panchayat of Palakkad district /
260 ## - PUBLICATION, DISTRIBUTION, ETC. (IMPRINT)
Place of publication Tavanur :
Name of publisher Department of Soil & Water Conservation Engineering,
Year of publication 2024.
300 ## - PHYSICAL DESCRIPTION
Number of Pages 126 p.
700 ## - ADDED ENTRY--PERSONAL NAME
Personal name Abdul Hakim V. M. (Guide)
942 ## - ADDED ENTRY ELEMENTS (KOHA)
Koha item type Theses
Holdings
Collection code Home library Current library Full call number Accession Number Koha item type Public note
Reference KAUAET KAUAET 631.587 GOU/IM T 663 Theses M.Tech Thesis
free website counter